00385nam a2200121Ia 4500008004100000041000800041082001200049100002000061245006300081260008000144300003200224365000700256240624s9999 xx 000 0 und d aeng a060 SHA aSHARMA JITENDRA aINTERNATIONAL CONFERENCE ON OPERATIONS AND MANAGEMENT SCI  c2010aManagement Sci ces 2010 (ICOMS-2010)New DelhibExcel India Publishers axiii, : 683 : p. : cm. ; 25 cRS